Flicker - Niall Horan (Lyrics) - Statistics

General Stats
  • This quiz has been taken 75 times
  • The average score is 199 of 249
Answer Stats
% Correct
the
97%
you
97%
been
94%
I
94%
[Verse 1] | [Verse 2] When
94%
your
94%
a
91%
of
91%
that
91%
That
91%
And
88%
and
88%
feel
88%
flicker
88%
hope
88%
there
88%
dark
85%
In
85%
in
85%
know
85%
leave
85%
love's
85%
me
85%
missing
85%
on
85%
Then
85%
to
85%
don't
82%
my
82%
Please
82%
taken
82%
gave
79%
keep
79%
like
79%
there's
79%
There's
79%
think
79%
we
79%
first
76%
nothin'
76%
something
76%
wanna
76%
barely
74%
chest
74%
hangin'
74%
head
74%
Hear
74%
is
74%
left
74%
rest
74%
upon
74%
what
74%
had
71%
heart
71%
it
71%
look
71%
remember
71%
spark
71%
you're
71%
ain't
68%
electricity
68%
gone
68%
magic
68%
start
68%
afraid
65%
echoes
65%
I'm
65%
lay
65%
light
65%
Still
65%
sleepin'
62%
we're
62%
breathin'
59%
tell
59%
things
59%
heard
56%
never
56%
Never
56%
this
53%
want
53%
before
50%
last
50%
Last
50%
patterns
50%
you've
50%
Asking
47%
pass
47%
won't
47%
questions
44%
knowing
41%
thinkin'
41%
too
41%
ceiling'
38%
long
35%
No matching quizzes found
Score Distribution
Percent of People with Each Score
Percentile by Number Answered
Your Score History
You have not taken this quiz